गेहूँ की कहानी / (Record no. 430077)
[ view plain ]
| 000 -LEADER | |
|---|---|
| fixed length control field | 01120nam a2200337 a 4500 |
| 001 - CONTROL NUMBER | |
| control field | vtls001130697 |
| 003 - CONTROL NUMBER IDENTIFIER | |
| control field | NLI |
| 005 - DATE AND TIME OF LATEST TRANSACTION | |
| control field | 20210603133644.0 |
| 008 - FIXED-LENGTH DATA ELEMENTS--GENERAL INFORMATION | |
| fixed length control field | 120325s1980 ii a 000 0 hin |
| 020 ## - INTERNATIONAL STANDARD BOOK NUMBER | |
| Terms of availability | Rs.12.00 |
| 039 #9 - LEVEL OF BIBLIOGRAPHIC CONTROL AND CODING DETAIL [OBSOLETE] | |
| -- | 201203251751 |
| -- | VLOAD |
| 040 ## - CATALOGING SOURCE | |
| Original cataloging agency | NLI |
| Language of cataloging | hineng |
| Transcribing agency | Datasoft_Hindi |
| Description conventions | AACR2 |
| 041 0# - LANGUAGE CODE | |
| Language code of text/sound track or separate title | hin |
| 044 ## - COUNTRY OF PUBLISHING/PRODUCING ENTITY CODE | |
| MARC country code | ii |
| 082 04 - DEWEY DECIMAL CLASSIFICATION NUMBER | |
| Classification number | 633.11 |
| 100 1# - MAIN ENTRY--PERSONAL NAME | |
| Linkage | 880-01 |
| Personal name | लाल¸ इन्द्रजीत |
| 9 (RLIN) | 198214 |
| 245 10 - TITLE STATEMENT | |
| Linkage | 880-02 |
| Title | गेहूँ की कहानी / |
| Statement of responsibility, etc. | इन्द्रजीत लाल |
| 250 ## - EDITION STATEMENT | |
| Edition statement | 2nd rev ed. |
| 260 ## - PUBLICATION, DISTRIBUTION, ETC. | |
| Place of publication, distribution, etc. | दिल्ली : |
| Name of publisher, distributor, etc. | बिशन चन्द, |
| Date of publication, distribution, etc. | 1980 |
| 300 ## - PHYSICAL DESCRIPTION | |
| Extent | 116 p. : |
| Other physical details | ill. ; |
| Dimensions | 18 cm. |
| 500 ## - GENERAL NOTE | |
| General note | भारत सरकार द्वारा पुरस्कृत |
| 650 #0 - SUBJECT ADDED ENTRY--TOPICAL TERM | |
| Topical term or geographic name entry element | Wheat |
| General subdivision | History |
| 9 (RLIN) | 54056 |
| 650 #0 - SUBJECT ADDED ENTRY--TOPICAL TERM | |
| Topical term or geographic name entry element | Agriculture |
| Geographic subdivision | India |
| 9 (RLIN) | 996 |
| 880 10 - ALTERNATE GRAPHIC REPRESENTATION | |
| Linkage | 245-02(B |
| a | Gehūṁ kī kahānī / |
| c | Indrajīt Lāl |
| 880 1# - ALTERNATE GRAPHIC REPRESENTATION | |
| Linkage | 100-01(B |
| a | Lāl, Indrajīt |
| 887 ## - NON-MARC INFORMATION FIELD | |
| Content of non-MARC field | |
| 901 ## - LOCAL DATA ELEMENT A, LDA (RLIN) | |
| a | 53425 |
| b | 14.1.88 |
| 902 ## - LOCAL DATA ELEMENT B, LDB (RLIN) | |
| a | H 633.11 L 425 g |
| 942 ## - ADDED ENTRY ELEMENTS (KOHA) | |
| Source of classification or shelving scheme | Dewey Decimal Classification |
| Koha item type | Books |
| 949 ## - LOCAL PROCESSING INFORMATION (OCLC) | |
| -- | VIRTUAITEM |
| -- | 10000 |
| -- | 100 |
| 6 | HIN000053425HIN |
| Withdrawn status | Lost status | Damaged status | Not for loan | Collection code | Home library | Current library | Shelving location | Date acquired | Total Checkouts | Full call number | Barcode | Date last seen | Price effective from | Koha item type |
|---|---|---|---|---|---|---|---|---|---|---|---|---|---|---|
| Hindi | National Library of India | National Library of India | Hindi - Book - Main Stack Division | H 633.11 L 425 g | HIN000053425HIN | 03/06/2021 | 03/06/2021 | Books |
